000 00827nab a2200253 u 4500
001 15725
003 HDC
007 cr bn ---aaaaa
008 210219c mydr|noo 0 a may d
040 _aHDC
100 _aRashidi Karim
_eauthor
_915810
245 0 _aTomyam Thailand antara dilarang dibawa ke Perlis/
_cby Rashidi Karim
260 _aMalaysia :
_bBerita Harian,
_c2004
336 _atext
_2rdacontent
337 _acomputer
_2rdamedia
338 _aonline resource
_2rdacarrier
650 _aillegal food
_915811
650 _asmuggled
_915806
710 _aBerita Harian
856 _zRequest full-text at [email protected]
942 _2lcc
942 _cNEWS
942 _kNSWO 008315
999 _c13041
_d13041